Loading...
| Beliefs | 3 | 5 | 0 | 1 | 95 | 43 | 91.00 | 4 | 8 |
| History - World History | 3 | 3 | 1 | 0 | 70 | 51 | 81.50 | 4 | 6 |
| History - American History | 2 | 2 | 0 | 1 | 50 | 15 | 60.50 | 2 | 3 |
| Social Science | 0 | 4 | 0 | 0 | 40 | 89 | 109.25 | 0 | 4 |
| Current Events | 1 | 1 | 0 | 0 | 25 | 41 | 70.50 | 0 | 2 |
| Science - Physics | 0 | 2 | 0 | 1 | 20 | 105 | 115.50 | 0 | 2 |
| Ancient History and Archaeology | 0 | 2 | 1 | 0 | 15 | 90 | 99.50 | 0 | 2 |
| Literature - British Literature | 0 | 2 | 1 | 1 | 15 | 81 | 121.50 | 1 | 2 |
| Science - Biology | 1 | 0 | 0 | 0 | 15 | 56 | 56.00 | 1 | 1 |
| Literature - European Literature | 0 | 1 | 0 | 0 | 10 | 114 | 114.00 | 0 | 0 |
| Other Academic | 0 | 1 | 0 | 0 | 10 | 85 | 85.00 | 0 | 1 |
| Fine Arts - Auditory Fine Arts | 0 | 1 | 0 | 0 | 10 | 79 | 79.00 | 0 | 1 |
| Science - Chemistry | 0 | 1 | 0 | 0 | 10 | 74 | 74.00 | 1 | 1 |
| Geography | 0 | 1 | 1 | 0 | 5 | 107 | 107.00 | 0 | 1 |
| Fine Arts - Visual Fine Arts | 0 | 1 | 2 | 1 | 0 | 137 | 137.00 | 0 | 0 |
| British and Commonwealth History | 0 | 0 | 1 | 0 | -5 | 0.00 | 0 | 0 | |
| Literature - American Literature | 0 | 0 | 1 | 0 | -5 | 0.00 | 0 | 0 |